Hymne de la Beaujoire, FC Nantes - Statistiques

Statistiques générales
  • Ce quiz a été pris 420 fois
    410 depuis la dernière actualisation
  • Le résultat moyen est 109 sur 130
Statistiques - réponses
Hint Réponse % Correct
à
98%
Nantais
96%
nantais
96%
et
95%
les | vous les jaunes
93%
le
93%
tous
93%
Nous vous
93%
verts
92%
Allez, allez Allez
91%
Allez, allez allez
91%
avec
91%
de
91%
De la
91%
Bretagne
88%
jouez,
88%
jouez
88%
D'un | un seul
88%
sur
88%
les
87%
Vendée
87%
air
86%
élan
86%
la Loire,
85%
pour
85%
la Beaujoire
84%
crions
84%
Sud
84%
au
83%
Du Nord
83%
supporter
83%
un
83%
Nous sommes
82%
du
81%
ici
81%
nous
81%
canaris
79%
gagnez
79%
FCNA tu
75%
peux
74%
compter
73%
en
72%
soutien
72%
de nos
71%
ballon
70%
rond
69%
chants
68%
des
67%
Les magiciens
67%
notre
67%
Vous êtes
66%
repris
65%
Portez bien
64%
clameurs
64%
champions
63%
La fierté
63%
haut
63%
fanion
62%
région
61%
chorale
59%
choeur par
55%
Oh Oh Oh
15%
Aucun quiz correspondant
Distribution des résultats
% des personnes avec chaque résultat
Percentile par nombre de réponses
Votre historique - résultats
Vous n’avez pas pris ce quiz depuis la dernière actualisation